000
00241nam a2200097Ia 4500
005
20251222114415.0
008
251222s1900||||xx |||||||||||||| ||spa||
082
_a
DVD0092/V66/2003
245
0
_a
Una flor de la campiña arequipeña:
942
_c
DVD
999
_c
2211
_d
2211